000 03271njm a2200505Ia 4500
001 F0020
003 IT-RoPAU
005 20220918181114.0
008 131025s9999 xx 000 0 und d
040 _aIT-RoPAU
040 _cIT-RoPAU
041 _aINGLESE
999 _c99204
_d99204
999 _bn.d.
100 _aAA.VV.
_9794
100 _eAutore musica
_932082
100 _gCodice autore musica SPICS: 12000
_9796
245 _aTrainspotting
250 _a1a ed.
260 _aENGLAND
260 _bEMI RECORDS
_c1996 [1a Ed.:1996 - Ed. Lingua Orig.: 1996]
300 _aCOMPACT DISC
300 _c76 minuti (Testo: pag.)
500 _aColonna sonora del film omonimo.
505 _aLust For Life [(Iggy Pop) (6:00)] - Deep Blue Day [(Eno Brian) (6:00)] - Trainspotting [(Primal Scream) (11:00)] - Atomic [(Sleeper) (6:00)] - Temptation [(New Order) (7:00)] - Nightclubbing [(Iggy Pop) (5:00)] - Sing [(Blur) (6:00)] - Perfect Day [(Reed Lou) (4:00)] - Mile End [(Pulp) (5:00)] - For What You Dream of [(Full On Reinassance Mix) (Kyo) (7:00)] - 2:1 [(Elastica) (3:00)] - A Final Hit [(Leftfield) (4:00)] - Born Slippy [(Nuxx) (Underworld) (6:00)] - Closet Romantic [(Albarn Damon) (4:00)]
650 _aCOLONNA SONORA [COMPACT DISC]
_eCodice MATERIA SPICS: 9949
_932083
700 _aBowie David
_dCodice autore musica SPICS: 8891
_eAutore musica
_pLust For Life - Nightclubbing
_932084
700 _aIggy Pop
_dCodice autore testo/musica SPICS: 49871
_eAutore testo/musica
_pLust For Life - Nightclubbing
_932085
700 _aEno Brian
_dCodice autore musica SPICS: 11870
_eAutore musica
_pDeep Blue Day
_932086
700 _aLanois Daniel
_dCodice autore testo/musica SPICS: 13126
_eAutore testo/musica
_pDeep Blue Day
_932087
700 _aPrimal Scream
_dCodice autore testo/musica SPICS: 49881
_eAutore testo/musica
_pTrainspotting
_932088
700 _aHarry Deborah
_dCodice autore musica SPICS: 28375
_eAutore musica
_pAtomic
_932089
700 _aDestri Jimmy
_dCodice autore testo/musica SPICS: 49883
_eAutore testo/musica
_pAtomic
_932090
700 _aNew Order
_dCodice autore testo/musica SPICS: 49884
_eAutore musica
_pTemptation
_932091
700 _aBlur
_dCodice autore testo/musica SPICS: 49885
_eAutore testo/musica
_pSing
_932092
700 _aReed Lou
_dCodice autore testo/musica SPICS: 13226
_eAutore testo/musica
_pPerfect Day
_932093
700 _aPulp
_dCodice autore testo/musica SPICS: 49886
_eAutore testo/musica
_pMile End
_932094
700 _aMuir Nick
_dCodice autore musica SPICS: 49888
_eAutore musica
_pFor What You Dream of (Full On Reinassance Mix)
_932095
700 _aDigweed John
_dCodice autore testo/musica SPICS: 49889
_eAutore testo(musica
_pFor What You Dream of (Full On Reinassance Mix)
_932096
700 _aElastica
_dCodice autore musica SPICS: 49678
_eAutore musica
_p2:1
_932097
700 _aMatthews Donna
_dCodice autore testo/musica SPICS: 49891
_eAutore testo/musica
_p2:1
_932098
700 _aDaley Barnes
_dCodice autore testo/musica SPICS: 49893
_eAutore testo/musica
_pA Final Hit
_932099
700 _aUnderworld
_dCodice autore testo/musica SPICS: 49894
_eAutore testo/musica
_pBorn Slippy (Nuxx)
_932100
700 _aAlbarn Damon
_dCodice autore testo/musica SPICS: 49895
_eAutore testo/musica
_pCloset Romantic
_932101
942 _cCD
_2ddc